| 000 | 00488nam a2200157Ia 4500 | ||
|---|---|---|---|
| 008 | 210716s1999 xx 000 0 und d | ||
| 020 | _a0071158413 | ||
| 041 | _aeng | ||
| 082 | _a658.802 PERW | ||
| 100 | _aPerreault, William D;Mccarthy, E Jerome. | ||
| 245 |
_aApplications in basics marketing: clipping from the popular business press. _bClipping from the popular business press. |
||
| 250 | _a1 | ||
| 260 |
_aBoston _bMcGraw Hill _c1999 |
||
| 300 | _aix,176 | ||
| 650 | _aMarketing | ||
| 999 |
_c200276 _d200276 |
||